Fraternal Bonds in the Early Middle Ages.

Fraternal relations in the early Middle Ages were not always based on loyalty, solidarity, and a familial readiness to act in the common interest. This book examines kinship as a multidimensional cultural phenomenon influenced by the religious and ideological implications of the transformations taki...

Full description

Bibliographic Details
Main Author: Pieniądz, Aneta.
Other Authors: Kijak, Anna.
Format: eBook
Language:English
Published: Amsterdam : Arc Humanities Press, 2023.
Edition:1st ed.
Series:Beyond Medieval Europe Series
Subjects:
Online Access:Click to View
LEADER 01889nam a22004093i 4500
001 EBC30541624
003 MiAaPQ
005 20231204023231.0
006 m o d |
007 cr cnu||||||||
008 231204s2023 xx o ||||0 eng d
020 |a 9781802701234  |q (electronic bk.) 
035 |a (MiAaPQ)EBC30541624 
035 |a (Au-PeEL)EBL30541624 
035 |a (OCoLC)1402814993 
040 |a MiAaPQ  |b eng  |e rda  |e pn  |c MiAaPQ  |d MiAaPQ 
050 4 |a GN487 
082 0 |a 306.83094 
100 1 |a Pieniądz, Aneta. 
245 1 0 |a Fraternal Bonds in the Early Middle Ages. 
250 |a 1st ed. 
264 1 |a Amsterdam :  |b Arc Humanities Press,  |c 2023. 
264 4 |c {copy}2023. 
300 |a 1 online resource (264 pages) 
336 |a text  |b txt  |2 rdacontent 
337 |a computer  |b c  |2 rdamedia 
338 |a online resource  |b cr  |2 rdacarrier 
490 1 |a Beyond Medieval Europe Series 
520 |a Fraternal relations in the early Middle Ages were not always based on loyalty, solidarity, and a familial readiness to act in the common interest. This book examines kinship as a multidimensional cultural phenomenon influenced by the religious and ideological implications of the transformations taking place at the time. 
588 |a Description based on publisher supplied metadata and other sources. 
590 |a Electronic reproduction. Ann Arbor, Michigan : ProQuest Ebook Central, 2023. Available via World Wide Web. Access may be limited to ProQuest Ebook Central affiliated libraries.  
655 4 |a Electronic books. 
700 1 |a Kijak, Anna. 
776 0 8 |i Print version:  |a Pieniądz, Aneta  |t Fraternal Bonds in the Early Middle Ages  |d Amsterdam : Arc Humanities Press,c2023 
797 2 |a ProQuest (Firm) 
830 0 |a Beyond Medieval Europe Series 
856 4 0 |u https://ebookcentral.proquest.com/lib/matrademy/detail.action?docID=30541624  |z Click to View